Dibujo y proyecto

Saved in:
Bibliografiske detaljer
Hovedforfatter: Ching, Francis D. K (Author)
Format: Bog
Sprog:spansk
Udgivet: Ciudad de México Gustavo Gili 2002
Udgivelse:2a. ed
Fag:
Tags: Tilføj Tag
Ingen Tags, Vær først til at tagge denne postø!

MARC

LEADER 00000nam a2200000 a 4500
001 UCL0690
003 CL-VaPUC
008 030808e20020000MX |||||||||||||||||spa|d
020 |a 9688873659 
082 0 4 |a 741  |b CHI  |2 21 
100 0 |a Ching, Francis D. K  |e author  |9 477449 
245 1 0 |a Dibujo y proyecto 
250 |a 2a. ed 
300 |a 344 p 
942 |c BK 
945 |d 20030808 00:00:00  |a cmena 
260 |a Ciudad de México  |b Gustavo Gili  |c 2002 
650 0 |a Dibujos  |9 264123 
650 0 |a Diseño  |9 260483 
650 7 |a COMPOSICION GRAFICA  |2 CL-VaPUC  |9 477450 
583 |a last modification  |c 20030808 00:00:00  |k Rodrigo Vera 
999 |c 304504  |d 304502 
952 |0 0  |1 0  |4 0  |6 741_000000000000000_CHI_2002  |7 0  |8 A  |9 366837  |a BIBARQ  |b BIBARQ  |d 2019-11-21  |i 3931234  |l 3  |o 741 CHI 2002  |p 3931234  |r 2025-01-20  |s 2023-05-09  |w 2019-11-21  |y BK  |k ARQ